00932nam a22002297a 45000010005000000030006000050050017000110080041000280200018000690400029000870500016001160820008001321000016001402450188001562600049003443000047003935050007004405200188004475210018006355210018006536500031006716770FISKH20250527111211.0250527b cb ||||| |||| 00| 0 eng d a9780448458700 aFISKHbengcFISKHdFISKH aPZ7.A8152 B a443 aAshe, Jade  aBatman and friends : bBatman the brave and the bold /cAdapted by Jade Ashe ; based on teleplays by J. M. Dematteis, Marsha Griffin, and Steven Melching ; Batman created by Bob Kane  aNew York : bPenguin Young Readers, c2012.  a32 pages : bcolor illustrations ; c23 cm aN  a"Join Batman as he teams up with his friends Green Lantern, Plastic Man, Robin, and more to fight crime! Batman and his friends battle many enemies but work together to save the day."8 a550 bLexile 8 aN bRaz-Plus  aSuperheroes vPicture Book